000
00290nam a2200121Ia 4500
008
190216s9999||||xx |||||||||||||| ||und||
100
_a
Nathaniel Hawthorne
245
4
_a
The House Of The Seven Gables
260
_b
Eurasia Pub-Ltd
_c
1964
300
_a
238p
650
_a
Novel
942
_c
BK
999
_c
13337
_d
13337